| 000 | 00820nam a2200253Ia 4500 | ||
|---|---|---|---|
| 003 | OSt | ||
| 005 | 20220925225012.0 | ||
| 006 | a|||||r|||| 00| 0 | ||
| 007 | ta | ||
| 008 | 220923b |||||||| |||| 00| 0 eng d | ||
| 037 | _cGeneral Book | ||
| 040 |
_aRTL _cRTL _beng |
||
| 041 |
_2eng _aeng |
||
| 082 | _aX:54.1(X).N9, N3 | ||
| 100 |
_aSodersten Bo Ed. _9291796 |
||
| 111 |
_aArne Ryde Symposium on Trade, Growth and Development (12th : 1991 : Denmark) _9291797 |
||
| 245 | 0 |
_aProceedings _b The role of politics and institution in the honour of Bo Sodersten |
|
| 260 |
_aLondon _bRoutledge U. K. _c1993 |
||
| 300 |
_axiv, 335p. _ccm. |
||
| 650 | _a Economics | ||
| 650 | _aInternational Trade | ||
| 942 |
_hX:54.1(X).N9, N3 _cGB _2CC |
||
| 999 |
_c582718 _d582718 |
||